Les temps des hommes

Na minha lista:
Detalhes bibliográficos
Autor principal: Langevin, André
Formato: Livro
Idioma:Undetermined
Publicado em: Montreal, Canadá Le Cercle du Livre de France 1956
Assuntos:
Tags: Adicionar Tag
Sem tags, seja o primeiro a adicionar uma tag!

MARC

LEADER 00000nam a2200000Ia 4500
008 170316s9999 xx 000 0 und d
040 |a cru BVZT 
090 |a 818 L-7t 
100 |a Langevin, André 
245 |a Les temps des hommes 
260 |a Montreal, Canadá 
260 |b Le Cercle du Livre de France 
260 |c 1956 
300 |a 190 páginas 
650 |a LITERATURA CANADIENSE 
650 |a EN IDIOMA FRANCÉS 
999 |c 21933  |d 21933 
942 |c LIB  |h 818 L-7t  |2 z